Bulletin of the University of Karaganda [Journal]
Uložené v:
| Médium: | Seriál |
|---|---|
| Jazyk: | Multiple languages |
| Vydavateľské údaje: |
Karaganda
Karagandy University of the name of academician E.A. Buketov
|
| Tagy: |
Žiadne tagy, Buďte prvý, kto otaguje tento záznam!
|
MARC
| LEADER | 00000nas1a2200000 4500 | ||
|---|---|---|---|
| 001 | 0302767 | ||
| 005 | 20250627112918.6 | ||
| 022 | |a 2518-7198 | ||
| 022 | |a 2663-5089 | ||
| 041 | 0 | |a mul | |
| 044 | |a KZ | ||
| 245 | 1 | 0 | |a Bulletin of the University of Karaganda |b [Journal] |
| 264 | 1 | |a Karaganda |b Karagandy University of the name of academician E.A. Buketov | |